Analýza preferencií právnej formy mladých podnikateľov v závislosti na vybraných subjektívnych faktoroch v podmienkach Slovenska
Analýza preferencií právnych foriem a procesu rozhodovania o právnej forme podniku v závislosti od vybraných subjektívnych faktorov u mladých podnikateľov na Slovensku. Rozdiely ovplyvňujúce výber a dôvody výberu právnej formy podniku.
Gespeichert in:
| 1. Verfasser: | |
|---|---|
| Format: | Buchkapitel |
| Sprache: | Slowakisch |
| Schlagworte: | |
| Tags: |
Keine Tags, Fügen Sie das erste Tag hinzu!
|
MARC
| LEADER | 00000nla a2200000 4500 | ||
|---|---|---|---|
| 001 | 0155165 | ||
| 005 | 20220722094131.1 | ||
| 041 | 0 | |a slo | |
| 044 | |a SK | ||
| 245 | 1 | 0 | |a Analýza preferencií právnej formy mladých podnikateľov v závislosti na vybraných subjektívnych faktoroch v podmienkach Slovenska |c Monika Sobeková Majková |
| 520 | |a Analýza preferencií právnych foriem a procesu rozhodovania o právnej forme podniku v závislosti od vybraných subjektívnych faktorov u mladých podnikateľov na Slovensku. Rozdiely ovplyvňujúce výber a dôvody výberu právnej formy podniku. | ||
| 610 | 2 | 0 | |a podnikanie |
| 610 | 2 | 0 | |a podnikatelia |
| 610 | 2 | 0 | |a založenie podniku |
| 610 | 2 | 0 | |a druhy podnikov |
| 610 | 2 | 0 | |a veľkosť podnikov |
| 610 | 2 | 0 | |a formy organizačné |
| 610 | 2 | 0 | |a normy právne |
| 100 | 1 | |a Sobeková Majková, Monika | |